MARC

LEADER 00000nam0a2200000 4500
001 182853
005 20231031171419.0
035 |a (RuTPU)RU\TPU\book\198215 
090 |a 182853 
100 |a 20100628d1974 km y0rusy50 ca 
101 0 |a rus 
102 |a RU 
105 |a a z 001zy 
200 1 |a Метеориты. ( Метеориты Кавказа и метеоритыные дожди)  |f Г. П. Вдовыкин  |g Академия наук СССР (АН СССР), Институт геохимии и аналитической химии (ГЕОХИ) 
210 |a Москва  |c Наука  |d 1974 
215 |a 183 с.  |c ил. 
320 |a Библиография в конце глав. 
610 1 |a метеориты 
610 1 |a метеорная астрономия 
610 1 |a метеоритные дожди 
610 1 |a Кавказ 
610 1 |a хондриты 
610 1 |a урелиты 
675 |a 523.68  |v 3 
700 1 |a Вдовыкин  |b Г. П.  |g Геннадий Петрович 
712 0 2 |a Академия наук СССР (АН СССР)  |b Институт геохимии и аналитической химии (ГЕОХИ)  |c (Москва)  |2 stltpush  |3 (RuTPU)RU\TPU\col\11383 
801 1 |a RU  |b 63413507  |c 20100628 
801 2 |a RU  |b 63413507  |c 20101220  |g RCR 
942 |c BK